[Event "4NCL Division 4 South"]
[Site "Daventry, ENG"]
[Date "2018.11.18"]
[Round "2.92"]
[White "Finn, Thomas"]
[Black "Gorgun, Aliriza Atif"]
[Result "0-1"]
[WhiteElo "1945"]
[BlackElo "2005"]
[PlyCount "108"]
[EventDate "2018.11.18"]
[WhiteTeam "Sussex Martlets 3"]
[BlackTeam "Check Innmates 2"]

1. d4 Nf6 2. Nf3 g6 3. Bf4 c5 4. e3 Bg7 5. Nbd2 Nc6 6. c3 cxd4 7. exd4 O-O 8.
Bb5 d6 9. O-O Bf5 10. Re1 a6 11. Ba4 b5 12. Bc2 Bxc2 13. Qxc2 Rc8 14. Rad1 Nb4
15. Qb1 Nbd5 16. Bg3 Qd7 17. Qd3 Rc6 18. Nf1 Rfc8 19. Ne5 dxe5 20. dxe5 Nb6 21.
exf6 Qxd3 22. Rxd3 Bxf6 23. Ne3 Na4 24. Re2 b4 25. cxb4 Rc1+ 26. Nf1 Rb1 27.
Bf4 Nxb2 28. Rb3 Rd8 29. Bd2 Ra1 30. Re1 Rxa2 31. Bc3 Bxc3 32. Rxc3 Rd1 33.
Rxd1 Nxd1 34. Rc8+ Kg7 35. Ra8 Ra4 36. Rb8 Nc3 37. g3 Nd5 38. b5 Rb4 39. Kg2
Rxb5 40. Ra8 a5 41. Nd2 Nb6 42. Ra7 e6 43. Ne4 Rd5 44. h4 h6 45. Ra6 Rd4 46.
Nc5 Nc4 47. Rxe6 Rxh4 48. Ra6 Rh5 49. Nb3 Rb5 50. Nd4 Rb4 51. Nc6 Ra4 52. Kf3
Ra2 53. Ke4 Rxf2 54. Nxa5 Ra2 0-1

[Event "4NCL Division 4 South"]
[Site "Daventry, ENG"]
[Date "2018.11.18"]
[Round "2.93"]
[White "Girdlestone, Paul C"]
[Black "Neale, George"]
[Result "1/2-1/2"]
[WhiteElo "2008"]
[BlackElo "1870"]
[PlyCount "171"]
[EventDate "2018.11.18"]
[WhiteTeam "Check Innmates 2"]
[BlackTeam "Sussex Martlets 3"]

1. d4 d5 2. Nf3 Nf6 3. c4 e6 4. g3 Be7 5. Bg2 O-O 6. O-O Nbd7 7. Qc2 b6 8. Nc3
Bb7 9. cxd5 exd5 10. Bf4 a6 11. Rfd1 Re8 12. Rac1 Rc8 13. Bh3 c5 14. dxc5 Bxc5
15. e3 h6 16. g4 g5 17. Bg3 Qe7 18. Qf5 Qe6 19. Nd4 Bxd4 20. exd4 Qxf5 21. gxf5
h5 22. f4 h4 23. fxg5 hxg3 24. gxf6 gxh2+ 25. Kxh2 Nxf6 26. Re1 b5 27. a3 Kh7
28. Kg2 Ne4 29. Nxe4 dxe4 30. Kf2 e3+ 31. Ke2 Rxc1 32. Rxc1 Bd5 33. Bg4 Re4 34.
Rg1 Kh6 35. Rg3 Bc4+ 36. Ke1 f6 37. Be2 Bd5 38. Rg6+ Kh7 39. Rxf6 Rh4 40. Bd3
Bf3 41. Re6 Rh1+ 42. Bf1 e2 43. Rxe2 Bxe2 44. Kxe2 Rh2+ 45. Kd3 Rf2 46. Be2
Rxf5 47. Kc3 Rf2 48. Bd3+ Kg7 49. a4 Rf3 50. axb5 axb5 51. Kd2 b4 52. Be4 Rf2+
53. Kd3 Rxb2 54. Kc4 b3 55. Kc3 Re2 56. Bd5 b2 57. Ba2 Kf6 58. Bb1 Ke6 59. Bc2
Kd5 60. Kxb2 Kxd4 61. Kb3 Re3+ 62. Kb2 Kc4 63. Bd1 Rh3 64. Be2+ Kd4 65. Ba6 Rh6
66. Bc8 Kc4 67. Bd7 Rh2+ 68. Ka3 Re2 69. Bg4 Re4 70. Bf5 Re5 71. Bg6 Re2 72.
Bf5 Re3+ 73. Kb2 Re2+ 74. Ka3 Kc3 75. Ka4 Rb2 76. Be6 Rb6 77. Bh3 Rb8 78. Be6
Kd4 79. Bg4 Kc5 80. Ka3 Rb6 81. Be2 Kd4 82. Ka4 Re6 83. Bf3 Kc4 84. Ka5 Re3 85.
Bg2 Re5+ 86. Kb6 1/2-1/2

[Event "4NCL Division 4 South"]
[Site "Daventry, ENG"]
[Date "2018.11.18"]
[Round "2.94"]
[White "Finn, Daniel"]
[Black "Rabbitt, Michael"]
[Result "1/2-1/2"]
[WhiteElo "1810"]
[BlackElo "2012"]
[PlyCount "62"]
[EventDate "2018.11.18"]
[WhiteTeam "Sussex Martlets 3"]
[BlackTeam "Check Innmates 2"]

1. d4 d5 2. c4 c6 3. Nc3 Nf6 4. Bg5 dxc4 5. e3 Qa5 6. Bxf6 exf6 7. Bxc4 Bb4 8.
Rc1 O-O 9. Nf3 Na6 10. O-O Nc7 11. a3 Be7 12. Re1 Bg4 13. Be2 Rad8 14. Qc2 Rfe8
15. Nd2 Bxe2 16. Rxe2 Bf8 17. Nf3 Qh5 18. Ree1 f5 19. Ne2 g6 20. Rcd1 Nd5 21.
h3 Bd6 22. Nc3 Nf6 23. b4 Ne4 24. Qb3 g5 25. Nxe4 fxe4 26. Ne5 Re6 27. Ng4 Qg6
28. d5 cxd5 29. Rxd5 h5 30. Nh2 g4 31. h4 Bxh2+ 1/2-1/2

[Event "4NCL Division 4 South"]
[Site "Daventry, ENG"]
[Date "2018.11.18"]
[Round "2.95"]
[White "Parker, Francis"]
[Black "Woods, Timothy J"]
[Result "1-0"]
[WhiteElo "1957"]
[BlackElo "1697"]
[PlyCount "137"]
[EventDate "2018.11.18"]
[WhiteTeam "Check Innmates 2"]
[BlackTeam "Sussex Martlets 3"]

1. f4 g6 2. Nf3 Bg7 3. c3 d6 4. Qc2 Nf6 5. d3 O-O 6. e4 c5 7. Be3 Nc6 8. Nbd2
Rb8 9. h3 b5 10. d4 b4 11. dxc5 bxc3 12. bxc3 Re8 13. Bd3 Qa5 14. O-O Nd7 15.
Nb3 Qxc3 16. Qxc3 Bxc3 17. Rac1 Bb2 18. Rb1 Ba3 19. cxd6 exd6 20. Nbd4 Bc5 21.
Rxb8 Ndxb8 22. Kf2 Nb4 23. Bc4 h6 24. f5 g5 25. a3 N4c6 26. Bd5 Nxd4 27. Bxd4
Na6 28. Rd1 Bd7 29. g4 Rb8 30. Ke3 Rb6 31. h4 gxh4 32. Nxh4 Bxd4+ 33. Rxd4 Nc5
34. Bc4 Bc6 35. Rxd6 Nxe4 36. Rd8+ Kg7 37. Kf4 Nf6 38. Nf3 Bxf3 39. Kxf3 Rc6
40. Rd4 Rc7 41. Kf4 Re7 42. a4 Rc7 43. Bb5 Re7 44. a5 Rc7 45. a6 Rc5 46. Bc4
Ra5 47. Ke3 Re5+ 48. Kf4 Ra5 49. Rd6 Rc5 50. Be2 Rc2 51. Bf3 Ra2 52. Kg3 Ra4
53. Rc6 Ra3 54. Kf2 Ra2+ 55. Kg3 Ra3 56. Kf4 Ra5 57. Be2 Ra4+ 58. Kg3 Ra3+ 59.
Kf4 Ra4+ 60. Bc4 Nd5+ 61. Ke5 Nb6 62. f6+ Kg6 63. Bd3+ Kg5 64. Rc7 Ra5+ 65. Kd4
Kxf6 66. Rxa7 Rd5+ 67. Ke3 Re5+ 68. Kf2 Nd5 69. Rb7 1-0

[Event "4NCL Division 4 South"]
[Site "Daventry, ENG"]
[Date "2018.11.18"]
[Round "2.96"]
[White "Stewart, Lilya"]
[Black "Tomboline, David"]
[Result "0-1"]
[WhiteElo "1517"]
[BlackElo "1941"]
[PlyCount "72"]
[EventDate "2018.11.18"]
[WhiteTeam "Sussex Martlets 3"]
[BlackTeam "Check Innmates 2"]

1. e4 c6 2. d4 d5 3. Nc3 a6 4. Nf3 Bg4 5. Be2 e6 6. O-O Nf6 7. Ne5 Bxe2 8. Qxe2
dxe4 9. Nxe4 Qxd4 10. Nxf6+ gxf6 11. Nd3 Nd7 12. Be3 Qe4 13. Rfe1 Rg8 14. g3
Qf5 15. Rad1 O-O-O 16. Rd2 Bd6 17. Red1 Bc7 18. Ne1 Ne5 19. Bd4 Nd7 20. Rd3 h5
21. Kh1 h4 22. Rf3 Qg4 23. Rd2 hxg3 24. fxg3 Rg6 25. Qf2 f5 26. Bc3 Rh6 27. Rd4
Qg6 28. Rb4 c5 29. Rb3 Rg8 30. Bd2 Rh7 31. Bf4 e5 32. Bd2 Rgh8 33. h4 f4 34.
Qg2 Qc6 35. Qf2 fxg3 36. Qg2 e4 0-1

[Event "4NCL Division 4 South"]
[Site "Daventry, ENG"]
[Date "2018.11.18"]
[Round "2.101"]
[White "Green, Anthony J"]
[Black "Smith, Steve"]
[Result "1/2-1/2"]
[WhiteElo "1993"]
[BlackElo "1731"]
[PlyCount "62"]
[EventDate "2018.11.18"]
[WhiteTeam "Warwickshire Select 2"]
[BlackTeam "West is Best 4"]

1. d4 d5 2. c4 c6 3. Nc3 Nf6 4. e3 e6 5. Nf3 Nbd7 6. b3 Bd6 7. Be2 O-O 8. O-O
b6 9. Bb2 Bb7 10. Qc2 Rc8 11. e4 e5 12. exd5 cxd5 13. Nb5 Bb8 14. dxe5 Ne4 15.
Qd1 a6 16. Na3 Re8 17. cxd5 Nxe5 18. Nc4 Nxf3+ 19. Bxf3 b5 20. Ne3 Qd6 21. g3
Ba7 22. Bd4 Bxd4 23. Qxd4 Nf6 24. Rfd1 Rcd8 25. Rac1 Re5 26. Qc5 Kf8 27. Qxd6+
Rxd6 28. Rc7 Rd7 29. Rxd7 Nxd7 30. Kg2 Ke8 31. b4 Nf6 1/2-1/2

[Event "4NCL Division 4 South"]
[Site "Daventry, ENG"]
[Date "2018.11.18"]
[Round "2.102"]
[White "Di-Vetta, Andrew"]
[Black "Patel, Devan"]
[Result "0-1"]
[WhiteElo "1706"]
[BlackElo "1885"]
[PlyCount "80"]
[EventDate "2018.11.18"]
[WhiteTeam "West is Best 4"]
[BlackTeam "Warwickshire Select 2"]

1. c4 c5 2. Nf3 Nf6 3. Nc3 Nc6 4. d3 g6 5. Rb1 a6 6. a3 Rb8 7. Bf4 d6 8. h3 Bg7
9. e3 O-O 10. Be2 Qa5 11. Qd2 Bd7 12. O-O b5 13. d4 Bf5 14. Ra1 Ne4 15. Nxe4
Bxe4 16. dxc5 Bxf3 17. Qxa5 Nxa5 18. Bxf3 Nxc4 19. cxd6 exd6 20. Ra2 Bxb2 21.
Bd5 Be5 22. Bxe5 dxe5 23. e4 Rfc8 24. Rc1 Nd6 25. Rac2 Rxc2 26. Rxc2 Rc8 27.
Rxc8+ Nxc8 28. Bb7 Nd6 29. Bxa6 Kf8 30. Kf1 Ke7 31. f3 Kd7 32. Ke1 Kc6 33. a4
bxa4 34. Kd2 Kc5 35. Kc3 Nb5+ 36. Kb2 Kb4 37. Bb7 a3+ 38. Ka1 Nc3 39. g4 g5 40.
Bc8 f6 0-1

[Event "4NCL Division 4 South"]
[Site "Daventry, ENG"]
[Date "2018.11.18"]
[Round "2.103"]
[White "Turner, Simon"]
[Black "Eckert, Jonathan"]
[Result "0-1"]
[WhiteElo "1922"]
[BlackElo "1700"]
[PlyCount "98"]
[EventDate "2018.11.18"]
[WhiteTeam "Warwickshire Select 2"]
[BlackTeam "West is Best 4"]

1. d4 f5 2. Bf4 Nf6 3. e3 e6 4. c4 Bb4+ 5. Nc3 Ne4 6. Qc2 b6 7. Nge2 Bb7 8. a3
Bxc3+ 9. Nxc3 O-O 10. f3 Nxc3 11. Qxc3 d6 12. Be2 Nd7 13. Rg1 Nf6 14. Bg5 Qe8
15. O-O-O e5 16. Rde1 e4 17. f4 c5 18. g4 cxd4 19. Qxd4 Nxg4 20. Bxg4 fxg4 21.
Rxg4 Qe6 22. Reg1 Rac8 23. b3 Rf7 24. f5 Qxf5 25. Bh6 g6 26. Rf4 Qe5 27. Rxf7
Qxd4 28. exd4 Kxf7 29. Rf1+ Ke6 30. d5+ Bxd5 31. Rd1 Bb7 32. Kb2 d5 33. cxd5+
Bxd5 34. Be3 Rf8 35. Kc3 Rc8+ 36. Kb2 Rc7 37. b4 Bc4 38. Bf4 Rd7 39. Re1 Kf5
40. Bg3 Rd3 41. Ra1 Rf3 42. Kc2 e3 43. Kc3 b5 44. a4 a6 45. axb5 axb5 46. Rb1
Ke4 47. Rb2 e2+ 48. Kd2 Rd3+ 49. Kc2 Rxg3 0-1

[Event "4NCL Division 4 South"]
[Site "Daventry, ENG"]
[Date "2018.11.18"]
[Round "2.104"]
[White "Davies, Merlin"]
[Black "Ali, Golam S"]
[Result "1-0"]
[WhiteElo "1560"]
[BlackElo "1859"]
[PlyCount "93"]
[EventDate "2018.11.18"]
[WhiteTeam "West is Best 4"]
[BlackTeam "Warwickshire Select 2"]

1. e4 c5 2. d4 cxd4 3. c3 d3 4. Bxd3 Nc6 5. f4 e5 6. fxe5 Nxe5 7. Nf3 Nxd3+ 8.
Qxd3 Qb6 9. Nbd2 Nf6 10. Nc4 Qc6 11. Ng5 d6 12. O-O Be6 13. Nxe6 fxe6 14. e5
dxe5 15. Nxe5 Qc5+ 16. Qd4 Rd8 17. Qxc5 Bxc5+ 18. Kh1 Rd5 19. Bf4 Bd6 20. Nc4
Bxf4 21. Rxf4 b5 22. Ne3 Rd2 23. Rb4 a6 24. a4 Re2 25. axb5 Rxe3 26. bxa6 Kd7
27. a7 Ra8 28. Rb8 Re1+ 29. Rxe1 Rxa7 30. h3 Nh5 31. Rf8 Ra2 32. g4 Ke7 33. Rf2
Nf6 34. Rfe2 Ra6 35. c4 Nd7 36. b4 e5 37. c5 Rc6 38. Rc2 Ke6 39. Rd1 e4 40.
Rcd2 Nf6 41. Rd6+ Rxd6 42. Rxd6+ Ke5 43. Rxf6 gxf6 44. c6 e3 45. Kg2 Kd4 46.
Kf1 Kd3 47. Ke1 1-0

[Event "4NCL Division 4 South"]
[Site "Daventry, ENG"]
[Date "2018.11.18"]
[Round "2.105"]
[White "Dicen, Imogen"]
[Black "Fowler, Caspian"]
[Result "1/2-1/2"]
[WhiteElo "1750"]
[BlackElo "1592"]
[PlyCount "102"]
[EventDate "2018.11.18"]
[WhiteTeam "Warwickshire Select 2"]
[BlackTeam "West is Best 4"]

1. d4 Nf6 2. c4 g6 3. Nc3 d5 4. e3 Bg7 5. Nf3 O-O 6. Be2 c5 7. b3 Nc6 8. O-O
Bg4 9. Bb2 cxd4 10. Nxd4 Bxe2 11. Qxe2 Nxd4 12. exd4 e6 13. Rfd1 Rc8 14. Rac1
Rc6 15. f3 Qd7 16. c5 Qe7 17. b4 Nd7 18. Nxd5 Qg5 19. Nc3 Bh6 20. Kh1 Rd8 21.
Ne4 Qd5 22. Ra1 Bg7 23. Nc3 Qg5 24. a4 Rc7 25. Nb5 Rcc8 26. Nxa7 Ra8 27. Nb5
Nf6 28. Nd6 Rab8 29. a5 Nd5 30. Ra4 Bf8 31. Nc4 Ra8 32. Nb6 Nxb6 33. cxb6 Rd5
34. Rda1 Ra6 35. Rc1 Bd6 36. Kg1 Rb5 37. Qe1 h5 38. Qc3 Rd5 39. Qc8+ Kg7 40.
Qxb7 Qe3+ 41. Kh1 Qf4 42. Kg1 Qe3+ 43. Kh1 Qf4 44. Kg1 Qe3+ 45. Kf1 Qd3+ 46.
Ke1 Qe3+ 47. Kf1 Qd3+ 48. Kg1 Qe3+ 49. Kh1 Qf4 50. g3 Qxf3+ 51. Kg1 Qe3+
1/2-1/2

[Event "4NCL Division 4 South"]
[Site "Daventry, ENG"]
[Date "2018.11.18"]
[Round "2.106"]
[White "Davies, Huw"]
[Black "Sandhu, Manvith"]
[Result "0-1"]
[WhiteElo "1262"]
[BlackElo "1645"]
[PlyCount "104"]
[EventDate "2018.11.18"]
[WhiteTeam "West is Best 4"]
[BlackTeam "Warwickshire Select 2"]

1. e4 Nc6 2. Nf3 d6 3. Bb5 Nf6 4. Bxc6+ bxc6 5. Nc3 g6 6. d3 Bg7 7. O-O O-O 8.
h3 e5 9. Be3 Re8 10. Qd2 d5 11. Bg5 Ba6 12. exd5 cxd5 13. Rfe1 Qd6 14. d4 exd4
15. Bf4 dxc3 16. bxc3 Qc5 17. Be3 Qc4 18. Qd3 Qxd3 19. cxd3 Bxd3 20. Rec1 Ne4
21. Bd4 Bxd4 22. cxd4 Rac8 23. Ne5 Bb5 24. Rab1 Nd6 25. Rc5 c6 26. Ng4 Kg7 27.
Ra1 f6 28. a4 Bc4 29. Ne3 Rxe3 30. fxe3 Nb7 31. Rxc4 dxc4 32. Kf2 Kf7 33. Ke2
Ke6 34. e4 c5 35. d5+ Ke5 36. Ke3 Nd6 37. Rc1 Rb8 38. h4 Rb3+ 39. Kf2 Kxe4 40.
Re1+ Kxd5 41. Re3 Rxe3 42. Kxe3 Nf5+ 43. Kd2 Kd4 44. g4 Ng3 45. Kc2 c3 46. a5
a6 47. h5 gxh5 48. gxh5 f5 49. h6 f4 50. Kd1 Kd3 51. Kc1 c2 52. Kb2 Kd2 0-1

[Event "4NCL Division 4 South"]
[Site "Daventry, ENG"]
[Date "2018.11.18"]
[Round "2.111"]
[White "Dias, Savin"]
[Black "Fletcher, John"]
[Result "1-0"]
[WhiteElo "1846"]
[BlackElo "1997"]
[PlyCount "79"]
[EventDate "2018.11.18"]
[WhiteTeam "Wood Green Youth"]
[BlackTeam "The Full Ponty"]

1. e4 c5 2. Nf3 Nc6 3. Bb5 g6 4. O-O Bg7 5. c3 Nf6 6. Re1 O-O 7. d4 d5 8. exd5
Nxd5 9. dxc5 Bg4 10. h3 Bxf3 11. Qxf3 Ne5 12. Qe4 f5 13. Qc2 Qa5 14. Qb3 Rfd8
15. Bf4 Nf7 16. Be3 f4 17. Bxf4 Nxf4 18. Rxe7 Nd5 19. Rxb7 Rab8 20. c6 Be5 21.
Na3 Rxb7 22. cxb7 Qc7 23. Rd1 Nb6 24. Rxd8+ Qxd8 25. Nc4 Bb8 26. Na5 Qc7 27.
Be8 Qe7 28. Bxf7+ Qxf7 29. Nc6 Qxb3 30. axb3 Nd7 31. Nxb8 Nxb8 32. f4 Kf7 33.
Kf2 Ke6 34. Kf3 Kd6 35. Kg4 Kc7 36. Kg5 Nd7 37. Kh6 Nf6 38. g4 Kxb7 39. Kg7
Nxg4 40. Kxh7 1-0

[Event "4NCL Division 4 South"]
[Site "Daventry, ENG"]
[Date "2018.11.18"]
[Round "2.112"]
[White "Adams, Mark"]
[Black "Harrison, James"]
[Result "0-1"]
[WhiteElo "1965"]
[BlackElo "1825"]
[PlyCount "46"]
[EventDate "2018.11.18"]
[WhiteTeam "The Full Ponty"]
[BlackTeam "Wood Green Youth"]

1. e4 d5 2. exd5 Nf6 3. d4 Bg4 4. Nf3 Qxd5 5. Be2 Nc6 6. Be3 O-O-O 7. Nbd2 e6
8. a3 Qh5 9. c4 Bd6 10. b4 e5 11. Nb3 Rhe8 12. Ra2 Ne4 13. Rc2 f5 14. d5 Bf8
15. O-O Rd6 16. Qe1 f4 17. dxc6 Rh6 18. cxb7+ Kb8 19. b5 fxe3 20. h3 Bxh3 21.
Nxe5 Bg4 22. Nc6+ Kxb7 23. Nba5+ Ka8 0-1

[Event "4NCL Division 4 South"]
[Site "Daventry, ENG"]
[Date "2018.11.18"]
[Round "2.113"]
[White "Parry, Samuel"]
[Black "Davies, Peter"]
[Result "1-0"]
[WhiteElo "1491"]
[BlackElo "1976"]
[PlyCount "79"]
[EventDate "2018.11.18"]
[WhiteTeam "Wood Green Youth"]
[BlackTeam "The Full Ponty"]

1. d4 Nf6 2. Bg5 Ne4 3. Bf4 d5 4. f3 Nf6 5. e4 e6 6. e5 Nfd7 7. Be3 a6 8. f4 c5
9. c3 Nc6 10. Nf3 Qb6 11. Qd2 Be7 12. Bd3 f6 13. O-O cxd4 14. cxd4 f5 15. Nc3
Qd8 16. Rac1 Na5 17. Na4 b5 18. Nc5 Nxc5 19. dxc5 Bd7 20. b4 $11 Nc6 21. a3 O-O
22. h3 Qc7 23. g4 g5 24. gxf5 exf5 25. fxg5 Nxe5 26. Bf4 Nxf3+ 27. Rxf3 Qc6 28.
Re3 Bd8 29. Bd6 Rf7 30. Qg2 d4 31. Rf3 Be6 32. Qe2 Bd5 33. Rxf5 Bxg5 34. Qg4 h6
35. Rxf7 Kxf7 36. Rf1+ Kg8 37. h4 Re8 38. hxg5 Be6 39. Qh5 Qd7 40. Qg6+ 1-0

[Event "4NCL Division 4 South"]
[Site "Daventry, ENG"]
[Date "2018.11.18"]
[Round "2.114"]
[White "Hughes, Anthony"]
[Black "Hirst, Joe"]
[Result "1-0"]
[WhiteElo "1903"]
[BlackElo "1489"]
[PlyCount "91"]
[EventDate "2018.11.18"]
[WhiteTeam "The Full Ponty"]
[BlackTeam "Wood Green Youth"]

1. d4 Nf6 2. Nf3 g6 3. g3 Bg7 4. Bg2 d6 5. O-O O-O 6. a4 Nbd7 7. a5 a6 8. Nc3
e5 9. e4 Qe7 10. Bg5 Qe8 11. Qd2 exd4 12. Nxd4 Nc5 13. Bxf6 Bxf6 14. Nd5 Qd8
15. b4 Ne6 16. c3 Nxd4 17. cxd4 Be6 18. Nxf6+ Qxf6 19. Rac1 c6 20. Rc3 d5 21.
exd5 Bxd5 22. Bxd5 cxd5 23. Rfc1 Rfe8 24. Rc7 Rab8 25. R1c5 Qe6 26. Qf4 Rec8
27. Qe5 Qxe5 28. Rxc8+ Qe8 29. Rxe8+ Rxe8 30. Rxd5 Kf8 31. Rd7 Re7 32. Rxe7
Kxe7 33. Kf1 Kd6 34. Ke2 Kd5 35. Kd3 f5 36. f3 h6 37. h4 g5 38. hxg5 hxg5 39.
g4 f4 40. Kc3 Kc6 41. Kc4 Kd6 42. d5 Kd7 43. Kc5 Kc7 44. d6+ Kd7 45. Kd5 Ke8
46. Ke6 1-0

[Event "4NCL Division 4 South"]
[Site "Daventry, ENG"]
[Date "2018.11.18"]
[Round "2.115"]
[White "Dias, Ruwan"]
[Black "Quinn, Peter"]
[Result "1/2-1/2"]
[WhiteElo "1465"]
[BlackElo "1838"]
[PlyCount "54"]
[EventDate "2018.11.18"]
[WhiteTeam "Wood Green Youth"]
[BlackTeam "The Full Ponty"]

1. e4 Nf6 2. e5 Nd5 3. d4 d6 4. Nf3 Bg4 5. Be2 e6 6. Nbd2 Nc6 7. O-O Nf4 8. c3
Nxe2+ 9. Qxe2 Be7 10. b3 O-O 11. Ba3 dxe5 12. Bxe7 Qxe7 13. dxe5 Qc5 14. c4 Nd4
15. Qe4 Nxf3+ 16. Nxf3 Bxf3 17. Qxf3 b6 18. Rfe1 Rad8 19. Re2 Qd4 20. Rae1 Rd7
21. Qe3 Qxe3 22. Rxe3 Rd2 23. R3e2 Rfd8 24. h3 Kf8 25. Kf1 Ke7 26. Rxd2 Rxd2
27. Re2 Rd1+ 1/2-1/2

[Event "4NCL Division 4 South"]
[Site "Daventry, ENG"]
[Date "2018.11.18"]
[Round "2.116"]
[White "Dixon, Chris"]
[Black "Prikazchikov, Ivan"]
[Result "1-0"]
[WhiteElo "1755"]
[BlackElo "1427"]
[PlyCount "65"]
[EventDate "2018.11.18"]
[WhiteTeam "The Full Ponty"]
[BlackTeam "Wood Green Youth"]

1. Nf3 c5 2. e4 d6 3. g3 Nf6 4. d3 g6 5. Bg2 Bg7 6. O-O O-O 7. Re1 Nc6 8. c3 e6
9. h3 b6 10. Na3 Rb8 11. Nc2 d5 12. e5 Nd7 13. d4 cxd4 14. cxd4 f6 15. exf6
Nxf6 16. Ne5 Nxe5 17. dxe5 Nd7 18. f4 Nc5 19. Nd4 Qd7 20. b4 Na6 21. Nxe6 Re8
22. Nxg7 Qxg7 23. Qxd5+ Kh8 24. a3 Bb7 25. Qb3 Bxg2 26. Kxg2 Qb7+ 27. Qf3 Qc7
28. Bb2 Qc2+ 29. Re2 Qc7 30. Rc1 Qd8 31. e6+ Kg8 32. Qc3 Kf8 33. Qg7# 1-0

[Event "4NCL Division 4 South"]
[Site "Daventry, ENG"]
[Date "2018.11.18"]
[Round "2.121"]
[White "Charles, Simon"]
[Black "Trivedi, Aarnavh"]
[Result "0-1"]
[WhiteElo "1667"]
[BlackElo "1810"]
[PlyCount "52"]
[EventDate "2018.11.18"]
[WhiteTeam "Watford 2"]
[BlackTeam "Poisoned Pawns - Next Generation"]

1. d4 d5 2. Nf3 Nf6 3. Bf4 c5 4. e3 Nc6 5. c3 e6 6. Nbd2 Be7 7. Bd3 O-O 8. h3
c4 9. Be2 b5 10. O-O Bb7 11. Qc2 Qb6 12. Rfe1 a5 13. e4 Rfe8 14. e5 Nd7 15. Bg5
h6 16. Bxe7 Rxe7 17. Nh2 b4 18. Kh1 a4 19. f4 a3 20. Reb1 Qa7 21. Nhf3 axb2 22.
Qxb2 Nb6 23. cxb4 Na4 24. Qa3 Nxd4 25. Bd1 Nb5 26. Rc1 Nxa3 0-1

[Event "4NCL Division 4 South"]
[Site "Daventry, ENG"]
[Date "2018.11.18"]
[Round "2.122"]
[White "Weersing, Abigail Riis"]
[Black "Nielsen, Geir Erik"]
[Result "1-0"]
[WhiteElo "1847"]
[BlackElo "1607"]
[PlyCount "95"]
[EventDate "2018.11.18"]
[WhiteTeam "Poisoned Pawns - Next Generation"]
[BlackTeam "Watford 2"]

1. d4 e6 2. c4 b6 3. Nc3 Bb7 4. e4 Bb4 5. Qc2 Qh4 6. d5 exd5 7. exd5 Nf6 8. Nf3
Qe4+ 9. Qxe4+ Nxe4 10. Bd2 Bxc3 11. Bxc3 Nxc3 12. bxc3 O-O 13. Nd4 Re8+ 14. Be2
c5 15. Nb5 Na6 16. Nd6 Reb8 17. Bf3 Bc8 18. O-O b5 19. cxb5 Nc7 20. Nxc8 Rxc8
21. d6 Nxb5 22. Bxa8 Rxa8 23. Rac1 a5 24. Rfd1 Ra6 25. Rd5 Rc6 26. Rb1 Na7 27.
Rb8+ Nc8 28. Re5 Kf8 29. Rb5 Rxd6 30. g3 c4 31. Rxa5 f6 32. Red5 Ke7 33. Rxd6
Kxd6 34. Kf1 Kc6 35. Ke2 Nb6 36. Ke3 h6 37. Kd4 d6 38. Ra7 g6 39. Rh7 h5 40.
Rh6 Nd7 41. Rxg6 Ne5 42. Rxf6 Ng4 43. Rf5 Nxh2 44. Kxc4 Ng4 45. a4 Ne5+ 46.
Rxe5 dxe5 47. a5 e4 48. Kd4 1-0

[Event "4NCL Division 4 South"]
[Site "Daventry, ENG"]
[Date "2018.11.18"]
[Round "2.123"]
[White "Vig, Sanjay"]
[Black "Srivastava, Arnav"]
[Result "0-1"]
[WhiteElo "1570"]
[BlackElo "1802"]
[PlyCount "66"]
[EventDate "2018.11.18"]
[WhiteTeam "Watford 2"]
[BlackTeam "Poisoned Pawns - Next Generation"]

1. e4 e5 2. f4 Nf6 3. Nc3 d5 4. fxe5 Nxe4 5. Nxe4 dxe4 6. d4 exd3 7. Qxd3 Bd7
8. Nf3 Nc6 9. Bg5 Be7 10. Bf4 Nb4 11. Qb3 Bf5 12. Bd3 Bxd3 13. O-O-O Qd5 14.
Rxd3 Nxd3+ 15. Qxd3 Qxa2 16. Nd2 O-O 17. Qc3 Qa4 18. Rf1 Bb4 19. b3 Qa5 20. Qc4
Bxd2+ 21. Kb2 Bxf4 22. Qxf4 Rae8 23. Ra1 Qxe5+ 24. Qxe5 Rxe5 25. Rxa7 Rb8 26.
Ra4 g6 27. h4 Re2 28. Rg4 h5 29. Rg5 Rd8 30. g4 hxg4 31. h5 Kh7 32. hxg6+ fxg6
33. Rxg4 Rdd2 0-1

[Event "4NCL Division 4 South"]
[Site "Daventry, ENG"]
[Date "2018.11.18"]
[Round "2.125"]
[White "Morrell, Sean"]
[Black "Ribbands, Patrick C"]
[Result "1/2-1/2"]
[WhiteElo "1442"]
[BlackElo "1765"]
[PlyCount "78"]
[EventDate "2018.11.18"]
[WhiteTeam "Watford 2"]
[BlackTeam "Poisoned Pawns - Next Generation"]

1. e4 c5 2. Nf3 Nc6 3. d4 cxd4 4. Nxd4 e6 5. Be3 Be7 6. Bb5 a6 7. Ba4 Nf6 8.
Nd2 O-O 9. O-O b5 10. Nxc6 dxc6 11. Bb3 Bb7 12. c4 c5 13. Qc2 Qc7 14. cxb5 axb5
15. a4 bxa4 16. Bxa4 Ng4 17. Nf3 Nxe3 18. fxe3 Ba6 19. Rfd1 Rfd8 20. b4 Qb6 21.
bxc5 Bxc5 22. Rab1 Bxe3+ 23. Kh1 Qc5 24. Qxc5 Bxc5 25. Rxd8+ Rxd8 26. h3 Kf8
27. Rc1 Be3 28. Rc3 Bf4 29. Kg1 Rd3 30. Rxd3 Bxd3 31. Bc6 Ke7 32. Kf2 Kd6 33.
Bb7 f6 34. g3 Bc1 35. Nd4 g6 36. Kf3 f5 37. exf5 gxf5 38. g4 f4 39. Ne2 Bxe2+
1/2-1/2

[Event "4NCL Division 4 South"]
[Site "Daventry, ENG"]
[Date "2018.11.18"]
[Round "2.126"]
[White "Weersing, Nathan"]
[Black "Mehta, Kaveer"]
[Result "1-0"]
[WhiteElo "1502"]
[BlackElo "1405"]
[PlyCount "87"]
[EventDate "2018.11.18"]
[WhiteTeam "Poisoned Pawns - Next Generation"]
[BlackTeam "Watford 2"]

1. e4 e5 2. Nf3 Nc6 3. Bc4 Be7 4. d4 d6 5. Bb5 Bf6 6. d5 a6 7. Bxc6+ bxc6 8.
dxc6 h6 9. Qd3 Ne7 10. Qc3 O-O 11. O-O Qe8 12. Be3 Qxc6 13. Qd3 a5 14. c4 Ba6
15. b3 a4 16. Nc3 axb3 17. axb3 Ng6 18. Qd2 Ne7 19. Bxh6 gxh6 20. Qxh6 Bg7 21.
Qh5 f6 22. g4 Qe8 23. Qh3 Qg6 24. Kh1 Qh6 25. Qg2 c6 26. Rg1 Ng6 27. g5 Qh5 28.
Qg3 Bb7 29. Rad1 Rad8 30. Rg2 f5 31. Rd3 Nf4 32. Ne1 Nxd3 33. Qxd3 Ba6 34. exf5
d5 35. f6 dxc4 36. Qc2 Rd7 37. fxg7 Rxg7 38. bxc4 Bxc4 39. Qe4 Rxg5 40. Qxc4+
Rf7 41. Ne4 Rxg2 42. Nf6+ Kh8 43. Nxh5 Rg5 44. Qxf7 1-0

[Event "4NCL Division 4 South"]
[Site "Daventry, ENG"]
[Date "2018.11.18"]
[Round "2.131"]
[White "Balloglu, Piro"]
[Black "Cannon, Richard J"]
[Result "1/2-1/2"]
[WhiteElo "1964"]
[BlackElo "2028"]
[PlyCount "98"]
[EventDate "2018.11.18"]
[WhiteTeam "Chesstivus"]
[BlackTeam "Rook & Roll"]

1. e4 e6 2. d4 d5 3. Nc3 Nf6 4. e5 Nfd7 5. f4 c5 6. Nf3 Nc6 7. Be3 a6 8. Qd2 b5
9. Qf2 Qb6 10. g4 cxd4 11. Nxd4 Nxd4 12. Bxd4 Bc5 13. Rd1 Bxd4 14. Qxd4 Qxd4
15. Rxd4 Bb7 16. Be2 Rc8 17. O-O g5 18. a4 bxa4 19. Rxa4 gxf4 20. Rfxf4 O-O 21.
Bxa6 Bxa6 22. Rxa6 Nxe5 23. h3 d4 24. Ne4 Rxc2 25. Ra5 Ng6 26. Nf6+ Kg7 27.
Nh5+ Kh8 28. Rxd4 Rxb2 29. Ra7 Ne5 30. Rf4 Rd8 31. Rf1 Kg8 32. Ra5 Re2 33. Nf6+
Kh8 34. Nh5 $11 h6 35. Ra7 Re3 36. Ra5 Nf3+ 37. Kf2 Rc3 38. Ra2 Nd2 39. Rh1
Ne4+ 40. Kg2 Kg8 41. Rf1 Rd2+ 42. Rxd2 Nxd2 43. Rf6 Ne4 44. Rxh6 Rc2+ 45. Kf1
Rf2+ 46. Kg1 Rf3 47. Kg2 Rf2+ 48. Kg1 Rf3 49. Kg2 Rf2+ 1/2-1/2

[Event "4NCL Division 4 South"]
[Site "Daventry, ENG"]
[Date "2018.11.18"]
[Round "2.133"]
[White "McCarron, Peter D J"]
[Black "Sheikh, Mohammed Shahid"]
[Result "1/2-1/2"]
[WhiteElo "1450"]
[BlackElo "1601"]
[PlyCount "118"]
[EventDate "2018.11.18"]
[WhiteTeam "Chesstivus"]
[BlackTeam "Rook & Roll"]

1. d4 d5 2. Bf4 Nf6 3. e3 a6 4. c3 g6 5. Bd3 Bg7 6. h3 Nc6 7. Nf3 Ne4 8. O-O
O-O 9. Nbd2 f5 10. a3 a5 11. c4 e6 12. Rc1 Re8 13. cxd5 exd5 14. Bb5 Bd7 15.
Qb3 Nf6 16. Bxc6 Bxc6 17. Ne5 Re6 18. Rc3 Ra6 19. Rfc1 Nh5 20. Bh2 Rb6 21. Qa2
Nf6 22. Nxc6 bxc6 23. b3 Qd7 24. Rc5 Ra6 25. Qb2 Bf8 26. R5c3 Qe7 27. Rc5 Nd7
28. R5c2 Qxa3 29. Qxa3 Bxa3 30. Ra1 Bd6 31. Bxd6 cxd6 32. Rca2 Re8 33. Rxa5
Rxa5 34. Rxa5 Rb8 35. Ra7 Nf6 36. Rc7 Rb6 37. f3 h6 38. Kf2 Ne8 39. Ra7 c5 40.
dxc5 dxc5 41. Ra8 Kf7 42. Rc8 Rb5 43. Ke2 Nd6 44. Rc7+ Ke6 45. Kd3 Nf7 46. Kc3
Nd6 47. Rc6 Kd7 48. Ra6 Kc7 49. Ra8 Rb8 50. Rxb8 Kxb8 51. Kd3 Kc7 52. e4 Kc6
53. exd5+ Kxd5 54. Nc4 Nxc4 55. bxc4+ Ke5 56. g3 g5 57. Ke3 Kf6 58. f4 Ke6 59.
Kf3 Kf6 1/2-1/2